| 000 | 00669cam a2200241 4500500 | ||
|---|---|---|---|
| 005 | 20260329004518.0 | ||
| 041 | _afre | ||
| 042 | _adc | ||
| 100 | 1 | 0 |
_aNathan, Tobie _eauthor |
| 245 | 0 | 0 | _aCoupe menstruelle. Les règles sans tabou |
| 260 | _c2020. | ||
| 500 | _a70 | ||
| 690 | _aCoupe menstruelle | ||
| 690 | _aCup | ||
| 690 | _aFemme | ||
| 690 | _aFlux | ||
| 690 | _aMenstruation | ||
| 690 | _aRègles | ||
| 690 | _aSang | ||
| 690 | _aTobie Nathan | ||
| 786 | 0 | _nPhilosophie magazine | 138 | 4-5 | 2020-04-01 | p. 7-7 | 1951-1787 | |
| 856 | 4 | 1 | _uhttps://shs.cairn.info/magazine-philosophie-magazine-2020-4-5-page-7?lang=fr&redirect-ssocas=7080 |
| 999 |
_c1834630 _d1834630 |
||